000 00443 a2200133 4500
020 _a0070230544 :
082 _a624.1821 GAY
100 _aGaylord, Edwin H.
245 _aDesign of Steel Structures /
_cE.H.Gaylord
250 _a3rd ed. /
_bEdwin H. Gaylord, Jr., Charles N. Gaylord, James E. Stallmeyer.
260 _aNew York :
_bMcGraw-Hill,
_cc1992.
300 _axxi, 792 p. :
_bill. ;
_c25 cm.
650 _aBuilding, Iron and steel.
650 _aAluminum construction.
999 _c1313
_d1313